[Event "XI Torneo Leonardo di Bona Nazionale"]
[Site "Cutro ITA"]
[Date "2005.04.24"]
[Round "1"]
[White "Mercurio, Rosario"]
[Black "Amodei, Diego"]
[Result "0-1"]
[WhiteElo "1363"]
[BlackElo "1634"]
[PlyCount "108"]
[EventDate "2005.04.24"]

1. e4 c5 2. d3 Nc6 3. c3 Nf6 4. Nd2 e6 5. Ngf3 Qc7 6. g3 Be7 7. Bg2 b6 8. O-O
Ba6 9. Qe2 Ng4 10. h3 Nge5 11. Rd1 Bxd3 12. Qe1 Bc2 13. Nxe5 Nxe5 14. Nf3 Nxf3+
15. Bxf3 Bxd1 16. Qxd1 Rd8 17. c4 Bd6 18. b3 Be5 19. Rb1 Bd4 20. Kg2 h6 21. h4
O-O 22. Bf4 e5 23. Bc1 Qd6 24. Bg4 Qf6 25. Qc2 Kh8 26. Bb2 Rg8 27. Rd1 d6 28.
Bc1 Kh7 29. Rd3 g6 30. Rf3 Qe7 31. Qd2 g5 32. h5 Rgf8 33. Bf5+ Kg7 34. a4 Rb8
35. Ba3 a6 36. b4 Ra8 37. Rb3 Rfb8 38. Rb1 Qc7 39. Qe2 cxb4 40. Bxb4 Qc6 41.
Qc2 b5 42. Bd2 bxa4 43. Rh1 Rb2 44. Qc1 f6 45. Be3 Qb6 46. Rd1 Bxe3 47. c5
Rxf2+ 48. Kh3 Bxc5 49. Qc4 Qb3 50. Qxb3 axb3 51. Rb1 Rb8 52. Bd7 b2 53. Bg4 Rb3
54. Bd1 Rc3 0-1

[Event "XI Torneo Leonardo di Bona Nazionale"]
[Site "Cutro ITA"]
[Date "2005.04.24"]
[Round "1"]
[White "Minniti, Giuseppe"]
[Black "Abbruzzese, Alfredo"]
[Result "1-0"]
[WhiteElo "1749"]
[BlackElo "1440"]
[PlyCount "43"]
[EventDate "2005.04.24"]

1. e4 e5 2. d4 Nc6 3. d5 Nd4 4. c3 Nb5 5. Bxb5 c6 6. dxc6 bxc6 7. Bc4 d5 8.
exd5 cxd5 9. Bxd5 Nf6 10. Bxa8 Bd7 11. Bf3 e4 12. Qe2 Be6 13. Bxe4 Bd6 14. Bc6+
Ke7 15. Nf3 Qc8 16. Nd4 Rd8 17. Bg5 h6 18. Bxf6+ gxf6 19. Qe3 Qb8 20. Nf5+ Kf8
21. Qxh6+ Kg8 22. Qg7# 1-0

[Event "XI Torneo Leonardo di Bona Nazionale"]
[Site "Cutro ITA"]
[Date "2005.04.24"]
[Round "1"]
[White "Nudo, Walter"]
[Black "Jeanrenaud, Antonia"]
[Result "1-0"]
[WhiteElo "1700"]
[BlackElo "1407"]
[PlyCount "103"]
[EventDate "2005.04.24"]

1. e4 e5 2. Nf3 d6 3. Bc4 Be7 4. c3 Nf6 5. d3 d5 6. exd5 Nxd5 7. O-O Bg4 8. Re1
Qd6 9. Nbd2 Bxf3 10. Qxf3 c6 11. Ne4 Qc7 12. Be3 Nd7 13. Bxd5 cxd5 14. Ng5 Bxg5
15. Bxg5 f6 16. Be3 Qc6 17. c4 d4 18. Qxc6 bxc6 19. Bxd4 O-O 20. Bc3 Rad8 21.
d4 Rfe8 22. dxe5 Nxe5 23. Bxe5 Rxe5 24. Rxe5 fxe5 25. g3 Kf7 26. Kf1 Rd2 27. b3
Rc2 28. Kg2 Ke6 29. g4 Kd6 30. Kf3 e4+ 31. Ke3 Ke5 32. h4 Rc3+ 33. Kd2 Rh3 34.
h5 Kf4 35. Rg1 Kf3 36. Ke1 Kf4 37. Ke2 Rh4 38. b4 Rxg4 39. Rxg4+ Kxg4 40. Ke3
Kxh5 41. b5 c5 42. a4 Kg5 43. Kxe4 h5 44. a5 h4 45. Kf3 Kf5 46. b6 axb6 47.
axb6 g5 48. b7 h3 49. b8=Q g4+ 50. Ke3 Kg6 51. Qe5 g3 52. Qxg3+ 1-0

[Event "XI Torneo Leonardo di Bona Nazionale"]
[Site "Cutro ITA"]
[Date "2005.04.24"]
[Round "1"]
[White "Olivo, Gaetano"]
[Black "Lomakina, Nadya"]
[Result "0-1"]
[WhiteElo "1610"]
[BlackElo "1926"]
[PlyCount "108"]
[EventDate "2005.04.24"]

1. e4 c5 2. Nf3 Nc6 3. Bb5 d6 4. Bxc6+ bxc6 5. O-O Nf6 6. Nc3 e6 7. e5 Nd5 8.
Nxd5 cxd5 9. d4 cxd4 10. Qxd4 Qb6 11. Qxb6 axb6 12. Bg5 dxe5 13. Rfe1 f6 14.
Bd2 Bd6 15. c3 O-O 16. b4 Bd7 17. h3 Rfc8 18. Rec1 Bb5 19. Be3 Rc6 20. Nd2 Be7
21. g3 Bd8 22. Kg2 Rcc8 23. a3 Bc6 24. Kh2 b5 25. h4 Ra6 26. Ra2 Rca8 27. Rca1
Be8 28. Nb3 Be7 29. Kh3 Bg6 30. Nc1 Rc6 31. Ne2 Bd3 32. f4 Bxe2 33. Rxe2 Rxc3
34. fxe5 fxe5 35. Bb6 e4 36. Ba5 Rf8 37. a4 Rb8 38. axb5 Rxb5 39. Rb1 Rc4 40.
Reb2 d4 41. Kg2 e3 42. Kf1 Bd6 43. Kg2 e5 44. Kf3 Kf7 45. Ke4 Ke6 46. g4 h6 47.
h5 Be7 48. Rb3 Rc2 49. Rd3 Bh4 50. Rh1 e2 51. Rf3 e1=Q+ 52. Rxe1 Bxe1 53. Rf8
Rc3 54. Rg8 Re3# 0-1

[Event "XI Torneo Leonardo di Bona Nazionale"]
[Site "Cutro ITA"]
[Date "2005.04.24"]
[Round "1"]
[White "Olivo, Ilaria"]
[Black "Di Mauro, Sebastiano"]
[Result "0-1"]
[WhiteElo "1467"]
[BlackElo "1799"]
[PlyCount "50"]
[EventDate "2005.04.24"]

1. e4 e5 2. Nf3 Nc6 3. Bc4 Nf6 4. Nc3 Bc5 5. O-O O-O 6. d3 h6 7. h3 d6 8. Nd5
Nxd5 9. Bxd5 Be6 10. c3 Bxd5 11. exd5 Ne7 12. c4 c6 13. dxc6 bxc6 14. Re1 Qb6
15. Re2 Nf5 16. Qb3 Qxb3 17. axb3 Rab8 18. Nd2 Nd4 19. Re1 Nc2 20. Ne4 Nxe1 21.
Nxc5 dxc5 22. Rxa7 Nxd3 23. Be3 Rxb3 24. Rd7 Nxb2 25. Bxc5 Ra8 0-1

[Event "XI Torneo Leonardo di Bona Nazionale"]
[Site "Cutro ITA"]
[Date "2005.04.24"]
[Round "1"]
[White "Paragliola, Gennaro"]
[Black "Ielapi, Vito"]
[Result "0-1"]
[WhiteElo "1541"]
[BlackElo "1887"]
[PlyCount "64"]
[EventDate "2005.04.24"]

1. d4 Nf6 2. c4 g6 3. Nc3 d5 4. cxd5 Nxd5 5. e4 Nxc3 6. bxc3 Bg7 7. Nf3 c5 8.
Be2 O-O 9. O-O Nc6 10. Be3 Qa5 11. Qd2 Bg4 12. e5 Bxf3 13. Bxf3 cxd4 14. Bxd4
Nxd4 15. Qxd4 Qc7 16. Rfe1 a6 17. Rab1 Rab8 18. c4 b6 19. Qe4 Rfc8 20. Rbc1 e6
21. Bd1 Qc5 22. Bb3 Rd8 23. Kf1 Rd4 24. Qe3 Rbd8 25. f4 Bh6 26. g3 Bf8 27. Qf3
Rd3 28. Qf2 Qc6 29. Qg2 Rf3+ 30. Kg1 Bc5+ 31. Kh1 Rd2 32. Ba4 Rf1+ 0-1

[Event "XI Torneo Leonardo di Bona Nazionale"]
[Site "Cutro ITA"]
[Date "2005.04.24"]
[Round "1"]
[White "Policastrese, Domenico"]
[Black "Russo, Carmelo"]
[Result "0-1"]
[WhiteElo "1449"]
[BlackElo "1763"]
[PlyCount "76"]
[EventDate "2005.04.24"]

1. e4 c5 2. Nf3 d6 3. d3 g6 4. Nc3 Nc6 5. Be3 Qb6 6. b3 Bg7 7. Qd2 Be6 8. g3
Qb4 9. e5 Nxe5 10. Nxe5 Bxe5 11. d4 Bxd4 12. Bxd4 Qxd4 13. Qxd4 cxd4 14. Nb5
Kf8 15. Nxd4 Bd5 16. Rg1 Nf6 17. Bg2 Kg7 18. Rd1 Bxg2 19. Rxg2 a6 20. a4 Rac8
21. c4 Ne4 22. f3 Nc5 23. a5 Rhd8 24. b4 Nd7 25. Rc2 Ne5 26. c5 d5 27. Rb1 Nc4
28. Ra1 e5 29. Nb3 Ne3 30. Re2 d4 31. f4 f6 32. Rc1 Rc6 33. Nd2 exf4 34. gxf4
Re8 35. Nc4 Ng2+ 36. Kd2 Rxe2+ 37. Kxe2 Nxf4+ 38. Kd2 Re6 0-1

[Event "XI Torneo Leonardo di Bona Nazionale"]
[Site "Cutro ITA"]
[Date "2005.04.24"]
[Round "1"]
[White "Policastrese, Salvatore"]
[Black "Olivo, Paolo"]
[Result "0-1"]
[WhiteElo "1401"]
[BlackElo "1700"]
[PlyCount "78"]
[EventDate "2005.04.24"]

1. e4 c5 2. Nf3 d6 3. d4 cxd4 4. Nxd4 Nf6 5. Nc3 a6 6. Bd3 Nc6 7. Nf3 Bg4 8.
Be2 b5 9. a3 e6 10. Bg5 Be7 11. O-O h6 12. Be3 Qc7 13. b4 O-O 14. h3 Bxf3 15.
Bxf3 Ne5 16. Bd4 Nxf3+ 17. Qxf3 e5 18. Ne2 exd4 19. Nxd4 Nd7 20. c3 Bg5 21. Nf5
Rac8 22. h4 Bf6 23. Rfc1 Rfe8 24. Qg3 Re6 25. Nxh6+ Kf8 26. Nf5 Be5 27. Qd3 Qc4
28. Qxc4 Rxc4 29. f3 g6 30. Ne3 Rxc3 31. Rxc3 Bxc3 32. Rc1 Bd4 33. Kf2 Nb6 34.
Rc6 Nc4 35. Rxa6 Bxe3+ 36. Ke2 Bf4 37. a4 bxa4 38. Rxa4 d5 39. Kd3 Nb2+ 0-1

[Event "XI Torneo Leonardo di Bona Nazionale"]
[Site "Cutro ITA"]
[Date "2005.04.24"]
[Round "1"]
[White "Tassone, Francesco"]
[Black "Rizzuti, Pasquale"]
[Result "0-1"]
[WhiteElo "1535"]
[BlackElo "1871"]
[PlyCount "52"]
[EventDate "2005.04.24"]

1. e4 c5 2. Nf3 Nc6 3. d4 cxd4 4. Nxd4 d6 5. b3 e5 6. Nxc6 bxc6 7. Bb2 Nf6 8.
Bd3 Be7 9. O-O O-O 10. Nd2 Qc7 11. h3 Be6 12. c4 Rfd8 13. Nf3 Nd7 14. Qe2 a5
15. Rfd1 f6 16. Bc2 Rab8 17. Nh4 g6 18. Nf3 Nb6 19. Nd2 Qa7 20. Nf3 Nxc4 21.
Rab1 Nxb2 22. Rxb2 a4 23. Nd2 d5 24. Bd3 Rb6 25. Rdb1 Rdb8 26. Qd1 Kg7 0-1

[Event "XI Torneo Leonardo di Bona Nazionale"]
[Site "Cutro ITA"]
[Date "2005.04.24"]
[Round "1"]
[White "Virelli, Salvatore"]
[Black "Barbuto, Sergio"]
[Result "0-1"]
[WhiteElo "1497"]
[BlackElo "1859"]
[PlyCount "118"]
[EventDate "2005.04.24"]

1. e4 c6 2. d4 d5 3. Nc3 dxe4 4. Nxe4 Nd7 5. Nf3 Ngf6 6. Bd3 Nxe4 7. Bxe4 Nf6
8. Qd3 Nxe4 9. Qxe4 Qa5+ 10. c3 Bf5 11. Qf4 e6 12. O-O Rd8 13. a3 Bd6 14. Qg5
g6 15. g4 Be7 16. Qf4 g5 17. Qg3 Bg6 18. Re1 h6 19. b4 Qd5 20. Qe5 Qxe5 21.
Nxe5 Rg8 22. h3 h5 23. f3 hxg4 24. fxg4 Bf6 25. Nf3 Bd3 26. Re3 Bc4 27. Ne5 Bb3
28. a4 Ke7 29. a5 Bxe5 30. Rxe5 Rd5 31. Re3 f5 32. Re5 Rxe5 33. dxe5 f4 34. Bd2
Rd8 35. Be1 Rd5 36. Bf2 Rxe5 37. Bxa7 Bc4 38. Bc5+ Kf7 39. Rd1 Ke8 40. Kf2 Re2+
41. Kg1 Bd5 42. Bf2 Rc2 43. Be1 Rg2+ 44. Kf1 f3 45. Bf2 Rh2 46. Kg1 Rg2+ 47.
Kf1 Bc4+ 48. Ke1 Rh2 49. Rd4 Rh1+ 50. Kd2 Bb3 51. c4 Rxh3 52. Ke3 Rh2 53. Rd2
Ba4 54. Kd4 Rg2 55. Ke3 Rxg4 56. Ra2 Bb3 57. a6 bxa6 58. Rxa6 Rxc4 59. Kxf3
Rxb4 0-1

[Event "XI Torneo Leonardo di Bona Nazionale"]
[Site "Cutro ITA"]
[Date "2005.04.25"]
[Round "2"]
[White "Abbruzzese, Alfredo"]
[Black "Paragliola, Gennaro"]
[Result "0-1"]
[WhiteElo "1440"]
[BlackElo "1541"]
[PlyCount "92"]
[EventDate "2005.04.24"]

1. e4 d6 2. d4 Nf6 3. Nc3 g6 4. Bb5+ c6 5. Bc4 Bg7 6. Nf3 O-O 7. O-O Nxe4 8.
Nxe4 d5 9. Ned2 dxc4 10. Nxc4 Bg4 11. h3 Bxf3 12. Qxf3 Qxd4 13. Ne3 Qf6 14.
Qxf6 Bxf6 15. Ng4 Bg7 16. Bh6 Rd8 17. Rfd1 Na6 18. c3 f5 19. Bxg7 fxg4 20. Be5
gxh3 21. gxh3 Rd5 22. Bg3 Rad8 23. Re1 R8d7 24. Re2 Kf7 25. Kg2 Nc5 26. b4 Na4
27. Rc1 Rd2 28. Kf3 R7d3+ 29. Re3 Rxe3+ 30. Kxe3 Rxa2 31. Be5 Nb2 32. c4 Ra3+
33. Bc3 Nxc4+ 34. Kd4 Nd6 35. Bb2 Rb3 36. Rb1 Rxb4+ 37. Kc5 a5 38. f3 Rb3 39.
Ra1 Rxb2 40. Rxa5 b6+ 41. Kxc6 bxa5 42. f4 a4 43. Kd5 a3 44. Ke5 a2 45. h4 a1=Q
46. h5 Rd2# 0-1

[Event "XI Torneo Leonardo di Bona Nazionale"]
[Site "Cutro ITA"]
[Date "2005.04.25"]
[Round "2"]
[White "Alo', Lucio"]
[Black "Policastrese, Domenico"]
[Result "1-0"]
[WhiteElo "1601"]
[BlackElo "1449"]
[PlyCount "82"]
[EventDate "2005.04.24"]

1. Nf3 Nc6 2. d4 e6 3. c4 Nf6 4. e3 d5 5. c5 Be7 6. Nc3 O-O 7. Bd2 b6 8. cxb6
cxb6 9. a3 Bd6 10. Be2 e5 11. Bb5 Bb7 12. Bxc6 Bxc6 13. dxe5 Ne4 14. exd6 Qxd6
15. Nxe4 dxe4 16. Nd4 a5 17. Nxc6 Qxc6 18. O-O Rad8 19. Qc1 Qxc1 20. Bxc1 b5
21. b4 axb4 22. axb4 Rc8 23. Ra5 Rb8 24. Bb2 f6 25. Bd4 Rfd8 26. Rc1 Rdc8 27.
Rxc8+ Rxc8 28. g3 Rb8 29. Bc5 g5 30. Kg2 h5 31. Bd4 Kg7 32. Ra6 Kg6 33. Rxf6+
Kh7 34. Re6 g4 35. Rxe4 Rf8 36. Re7+ Kg6 37. Re6+ Kg5 38. Re5+ Kg6 39. Rxb5 Rf3
40. e4 Kh6 41. Rb6+ Kh7 1-0

[Event "XI Torneo Leonardo di Bona Nazionale"]
[Site "Cutro ITA"]
[Date "2005.04.25"]
[Round "2"]
[White "Amodei, Diego"]
[Black "Frontera, Giuseppe"]
[Result "0-1"]
[WhiteElo "1634"]
[BlackElo "1826"]
[PlyCount "122"]
[EventDate "2005.04.24"]

1. d4 Nf6 2. c4 e6 3. Nc3 b6 4. e4 d6 5. Bg5 Be7 6. Nf3 Bb7 7. Bd3 O-O 8. O-O
Nbd7 9. Re1 c5 10. e5 dxe5 11. dxe5 Ne8 12. Bf4 g6 13. Be4 Bxe4 14. Nxe4 Qc7
15. Qe2 Rd8 16. g3 Qc6 17. Rad1 Ng7 18. g4 a6 19. Qe3 b5 20. cxb5 axb5 21. Nd6
Nb6 22. b3 Nd5 23. Qe4 Qb6 24. Rxd5 exd5 25. Qxd5 Bxd6 26. exd6 Ne6 27. Be5 Rd7
28. Bg3 h6 29. Rxe6 fxe6 30. Qxe6+ Rff7 31. Qxg6+ Rg7 32. Qe6+ Kf8 33. Nh4 Qd8
34. Ng6+ Rxg6 35. Qxg6 Qg5 36. Qxg5 hxg5 37. Kf1 Kf7 38. Ke2 Ke6 39. Ke3 Ra7
40. Ke4 Rxa2 41. Kd3 Ra3 42. Kc2 Ra2+ 43. Kb1 Rd2 44. f4 gxf4 45. Bxf4 Rg2 46.
Bg3 Re2 47. g5 Re4 48. h4 Rg4 49. d7 Kxd7 50. Be5 Rxh4 51. Bf6 Ke6 52. Kc2 Rg4
53. Kd3 Kf5 54. Kc2 Ke4 55. Be7 Kd5 56. Bf6 Rg2+ 57. Kb1 c4 58. bxc4+ bxc4 59.
Kc1 Ke4 60. Bd8 Kd3 61. Bf6 c3 0-1

[Event "XI Torneo Leonardo di Bona Nazionale"]
[Site "Cutro ITA"]
[Date "2005.04.25"]
[Round "2"]
[White "Barbuto, Sergio"]
[Black "Olivo, Paolo"]
[Result "1-0"]
[WhiteElo "1859"]
[BlackElo "1700"]
[PlyCount "77"]
[EventDate "2005.04.24"]

1. e4 e5 2. Nf3 Nc6 3. d4 exd4 4. Nxd4 Bc5 5. Be3 Nf6 6. Nxc6 bxc6 7. Bxc5 Nxe4
8. Qe2 d5 9. f3 Ba6 10. Qe3 Bxf1 11. Kxf1 Qf6 12. Nc3 Kd7 13. Bd4 Qf5 14. Nxe4
dxe4 15. Qxe4 Qb5+ 16. Qd3 f6 17. Qxb5 cxb5 18. Rd1 Ke6 19. Kf2 Rhc8 20. Rhe1+
Kf7 21. Bc5 a5 22. Re7+ Kg6 23. Rdd7 Rg8 24. Rxc7 b4 25. g4 Rae8 26. h4 Rxe7
27. h5+ Kg5 28. Rxe7 f5 29. Be3+ Kh4 30. gxf5 Kxh5 31. Re5 g5 32. fxg6+ Kxg6
33. Rg5+ Kf7 34. Rxg8 Kxg8 35. Bb6 a4 36. Kg1 Kf7 37. Bc5 b3 38. axb3 axb3 39.
cxb3 1-0

[Event "XI Torneo Leonardo di Bona Nazionale"]
[Site "Cutro ITA"]
[Date "2005.04.25"]
[Round "2"]
[White "Camposano, Francesco"]
[Black "Olivo, Gaetano"]
[Result "0-1"]
[WhiteElo "1455"]
[BlackElo "1610"]
[PlyCount "80"]
[EventDate "2005.04.24"]

1. d4 Nf6 2. c4 g6 3. Bg5 Bg7 4. Nf3 d6 5. Nc3 O-O 6. e3 h6 7. Bxf6 Bxf6 8. Be2
Bg4 9. Ne4 Bg7 10. Rc1 Nd7 11. b3 c5 12. O-O Qb6 13. d5 Rae8 14. Nc3 Qa5 15.
Qd2 Nf6 16. Ne4 Qd8 17. Nxf6+ Bxf6 18. e4 Bg7 19. Ng5 Bxe2 20. Nxf7 Rxf7 21.
Qxe2 Bd4 22. Kh1 e6 23. Qd2 Kh7 24. a3 exd5 25. exd5 Ref8 26. f3 Re8 27. b4 Be3
28. Qc2 Bxc1 29. Rxc1 b6 30. g3 Rfe7 31. Qb1 Re3 32. f4 Qe7 33. Kg2 Qe4+ 34.
Qxe4 R8xe4 35. a4 cxb4 36. Rb1 Rxc4 37. Kf2 Ra3 38. Kg2 Rc2+ 39. Kh3 b3 40. a5
bxa5 0-1

[Event "XI Torneo Leonardo di Bona Nazionale"]
[Site "Cutro ITA"]
[Date "2005.04.25"]
[Round "2"]
[White "Carabetta, Alfredo"]
[Black "Policastrese, Salvatore"]
[Result "1-0"]
[WhiteElo "1497"]
[BlackElo "1401"]
[PlyCount "155"]
[EventDate "2005.04.24"]

1. Nf3 Nc6 2. g3 e5 3. Nc3 Nf6 4. d3 h6 5. Bg2 Bc5 6. e3 Qe7 7. Nxe5 Nxe5 8. d4
Bxd4 9. Qxd4 a6 10. Nd5 Nxd5 11. Bxd5 c6 12. Bg2 Qf6 13. f4 Ng4 14. Qxf6 Nxf6
15. O-O O-O 16. Bd2 d5 17. Rfe1 Bf5 18. Re2 Rfe8 19. Rc1 Re7 20. c3 Rae8 21. b4
Ra8 22. a4 a5 23. c4 axb4 24. Bxb4 Re6 25. cxd5 Nxd5 26. Bxd5 cxd5 27. a5 d4
28. Kf2 Rae8 29. Rc7 b6 30. a6 dxe3+ 31. Ke1 Bd3 32. Ra2 Ra8 33. a7 e2 34. Rb7
Ree8 35. Rxb6 Reb8 36. Be7 Re8 37. Rb7 Bc4 38. Rab2 Bd5 39. Rb8 Kh7 40. Bd6 Kg6
41. Rxe8 Rxe8 42. Rb8 Re6 43. Bb4 Ra6 44. Bc5 Bf3 45. Rb6+ Rxb6 46. Bxb6 Kf6
47. h3 Ke6 48. Kf2 Ba8 49. Bc7 f6 50. Kxe2 g5 51. Ke3 h5 52. fxg5 fxg5 53. h4
g4 54. Kf4 Kf6 55. Bd8+ Kg6 56. Ke5 Bh1 57. Kd6 Kf5 58. Kc7 Bd5 59. Kb8 Ke4 60.
a8=Q Bxa8 61. Kxa8 Kf3 62. Bc7 Kg2 63. Kb8 Kh3 64. Kc8 Kg2 65. Kd7 Kf3 66. Ke6
Ke4 67. Kf6 Kd5 68. Kg5 Ke6 69. Kxh5 Kf5 70. Bf4 Kf6 71. Kxg4 Kg6 72. h5+ Kh7
73. Kf5 Kg7 74. g4 Kh7 75. Kg5 Kg7 76. h6+ Kh8 77. Kg6 Kg8 78. Be5 1-0

[Event "XI Torneo Leonardo di Bona Nazionale"]
[Site "Cutro ITA"]
[Date "2005.04.25"]
[Round "2"]
[White "Di Mauro, Sebastiano"]
[Black "Forlano, Luigi"]
[Result "0-1"]
[WhiteElo "1799"]
[BlackElo "1912"]
[PlyCount "82"]
[EventDate "2005.04.24"]

1. e4 c5 2. Nc3 a6 3. a4 d6 4. g3 g6 5. Bg2 Bg7 6. d3 Nc6 7. Nge2 Bg4 8. h3
Bxe2 9. Nxe2 e6 10. Nc3 Nge7 11. O-O O-O 12. Be3 Rb8 13. Qd2 b5 14. axb5 axb5
15. Bh6 b4 16. Bxg7 Kxg7 17. Ne2 Qb6 18. b3 Ra8 19. Kh2 Ra3 20. f4 Rfa8 21.
Rac1 e5 22. f5 f6 23. fxg6 hxg6 24. Qe1 Nd4 25. Nxd4 cxd4 26. Qf2 Ng8 27. h4
Qd8 28. Bh3 Qe7 29. Qd2 Rb8 30. Rf2 Ra2 31. Rcf1 Rb7 32. g4 d5 33. g5 Rc7 34.
Qd1 dxe4 35. gxf6+ Nxf6 36. Kh1 e3 37. Rg2 Nh5 38. Qe1 Raxc2 39. Rxc2 Rxc2 40.
Bg2 Nf4 41. Be4 Rf2 0-1

[Event "XI Torneo Leonardo di Bona Nazionale"]
[Site "Cutro ITA"]
[Date "2005.04.25"]
[Round "2"]
[White "Fagotto, Roberto"]
[Black "Minniti, Giuseppe"]
[Result "0-1"]
[WhiteElo "1940"]
[BlackElo "1749"]
[PlyCount "64"]
[EventDate "2005.04.24"]

1. e4 d5 2. exd5 Nf6 3. d4 Bg4 4. f3 Bf5 5. Bb5+ Nbd7 6. c4 a6 7. Bxd7+ Qxd7 8.
Ne2 O-O-O 9. Nbc3 e6 10. dxe6 Qxe6 11. d5 Qb6 12. Qb3 Bb4 13. Bg5 Rhe8 14.
O-O-O a5 15. a3 Rxe2 16. axb4 Rc2+ 17. Qxc2 Bxc2 18. Kxc2 axb4 19. Ne4 Nxe4 20.
fxe4 f6 21. Bd2 Qd4 22. Kb3 c5 23. Bxb4 Qe3+ 24. Bc3 Qxe4 25. Ba5 Rf8 26. Bb6
Qe3+ 27. Kc2 Re8 28. b4 Qe2+ 29. Kb3 Re3+ 30. Ka4 Qxc4 31. Rc1 Qa6+ 32. Ba5 b5#
0-1

[Event "XI Torneo Leonardo di Bona Nazionale"]
[Site "Cutro ITA"]
[Date "2005.04.25"]
[Round "2"]
[White "Frontera, Domenico"]
[Black "Olivo, Ilaria"]
[Result "1-0"]
[WhiteElo "1632"]
[BlackElo "1467"]
[PlyCount "31"]
[EventDate "2005.04.24"]

1. e4 e5 2. Nf3 Nc6 3. Nc3 Nf6 4. d4 exd4 5. Nxd4 Nxd4 6. Qxd4 d6 7. Bg5 Be7 8.
O-O-O O-O 9. e5 dxe5 10. Qxe5 Bd6 11. Bxf6 Bxe5 12. Bxd8 Be6 13. Bg5 f6 14. Be3
Bxc3 15. bxc3 Bxa2 16. c4 1-0

[Event "XI Torneo Leonardo di Bona Nazionale"]
[Site "Cutro ITA"]
[Date "2005.04.25"]
[Round "2"]
[White "Ielapi, Vito"]
[Black "Nudo, Walter"]
[Result "1-0"]
[WhiteElo "1887"]
[BlackElo "1700"]
[PlyCount "57"]
[EventDate "2005.04.24"]

1. e4 c5 2. Nf3 d6 3. d4 cxd4 4. Nxd4 Nf6 5. Nc3 a6 6. Bg5 e6 7. Bd3 Be7 8. Qd2
Nbd7 9. f3 b5 10. Nc6 Qc7 11. Nxe7 Kxe7 12. a3 Bb7 13. O-O h6 14. Be3 Ne5 15.
Rad1 d5 16. exd5 Nxd5 17. Nxd5+ Bxd5 18. Qb4+ Ke8 19. Be4 Bxe4 20. Qxe4 Rc8 21.
Bd4 f6 22. f4 Nc6 23. Qxe6+ Kf8 24. Bc5+ Ne7 25. Bxe7+ Qxe7 26. Qxc8+ Qe8 27.
Rd8 Kf7 28. Qc7+ Kg6 29. Rxe8 1-0

[Event "XI Torneo Leonardo di Bona Nazionale"]
[Site "Cutro ITA"]
[Date "2005.04.25"]
[Round "2"]
[White "Jeanrenaud, Antonia"]
[Black "Virelli, Salvatore"]
[Result "0-1"]
[WhiteElo "1407"]
[BlackElo "1497"]
[PlyCount "112"]
[EventDate "2005.04.24"]

1. e4 c5 2. Nf3 d6 3. d4 cxd4 4. Nxd4 Nf6 5. Nd2 g6 6. b3 Bg7 7. c3 O-O 8. Bd3
Nc6 9. N2f3 Bg4 10. O-O Qb6 11. Be3 Nxd4 12. Bxd4 Qc7 13. Bxf6 Bxf6 14. h3 Be6
15. Nd4 Bd7 16. Rc1 a6 17. Ne2 Qa5 18. a4 Rac8 19. c4 Qg5 20. Ng3 Bd4 21. Qf3
Rc6 22. Ne2 Be5 23. Bb1 f5 24. exf5 Bxf5 25. Qe3 Qh4 26. f4 Bb2 27. Rcd1 Qf6
28. Bxf5 gxf5 29. Rf3 Kh8 30. Kh1 Ba3 31. Nd4 Bc5 32. Qe6 Bxd4 33. Qxf6+ Bxf6
34. g4 fxg4 35. hxg4 Kg7 36. Kg2 h6 37. Rh1 Rh8 38. Rfh3 Rcc8 39. g5 hxg5 40.
fxg5 Bxg5 41. Rg3 Kg6 42. Re1 e5 43. Rd1 Rcd8 44. Kf3 Kf5 45. Kf2 Bh4 46. Rf1
Ke6 47. Kg2 Bxg3 48. Kxg3 Rdg8+ 49. Kf3 Rf8+ 50. Ke2 Rxf1 51. Kxf1 Rh3 52. b4
Rc3 53. b5 Rxc4 54. bxa6 bxa6 55. a5 Re4 56. Kf2 Kf5 0-1

[Event "XI Torneo Leonardo di Bona Nazionale"]
[Site "Cutro ITA"]
[Date "2005.04.25"]
[Round "2"]
[White "Levato, Biagio"]
[Black "Camposano, Antonio"]
[Result "1-0"]
[WhiteElo "1531"]
[BlackElo "1425"]
[PlyCount "85"]
[EventDate "2005.04.24"]

1. e4 e5 2. Nf3 Nc6 3. g3 d5 4. exd5 Qxd5 5. Nc3 Qe6 6. Bg2 Be7 7. d3 f5 8. O-O
Nf6 9. Re1 O-O 10. a3 Rd8 11. Qe2 b6 12. Ng5 Qd6 13. b4 Rb8 14. Bb2 Bb7 15. Nb5
Qd7 16. Rad1 Nd4 17. Nxd4 exd4 18. Bxb7 Rxb7 19. Qxe7 Qxe7 20. Rxe7 Rbb8 21.
Rde1 c5 22. Rxa7 Re8 23. Rxe8+ Rxe8 24. Kf1 h6 25. Nf3 Ng4 26. Ra6 Re6 27. bxc5
Rc6 28. Bxd4 Rc8 29. Rxb6 Ra8 30. Bb2 g5 31. Rb7 Kf8 32. d4 Ke8 33. d5 Kd8 34.
c6 Kc8 35. h3 Ra5 36. c4 Rc5 37. Rb4 Kc7 38. hxg4 fxg4 39. Nd2 Ra5 40. Rb7+ Kc8
41. Ne4 Kd8 42. Nd6 Ra7 43. Bf6# 1-0

[Event "XI Torneo Leonardo di Bona Nazionale"]
[Site "Cutro ITA"]
[Date "2005.04.25"]
[Round "2"]
[White "Lomakina, Nadya"]
[Black "Luvera', Filippo"]
[Result "1-0"]
[WhiteElo "1926"]
[BlackElo "1739"]
[PlyCount "93"]
[EventDate "2005.04.24"]

1. d4 d5 2. Nf3 Nf6 3. Bg5 e6 4. Nbd2 Be7 5. e3 Nbd7 6. Bd3 c5 7. c3 O-O 8. O-O
Qc7 9. Qe2 e5 10. dxe5 Nxe5 11. Nxe5 Qxe5 12. Bf4 Qh5 13. Rfe1 Qxe2 14. Bxe2
Be6 15. Bf3 Rac8 16. b3 Rfd8 17. Rad1 h6 18. c4 Bg4 19. Bxg4 Nxg4 20. cxd5 Rxd5
21. e4 Rd3 22. e5 g5 23. Bg3 h5 24. h3 h4 25. Ne4 Rcd8 26. Rxd3 Rxd3 27. Bxh4
Nxe5 28. Bxg5 Bxg5 29. Nxg5 f6 30. Ne4 Kf7 31. Nxc5 Rd2 32. Nxb7 Rxa2 33. Nd6+
Kg6 34. Re3 Ra1+ 35. Kh2 Rd1 36. Rg3+ Kh7 37. Nf5 Ng6 38. Rc3 Rd7 39. Rc6 Rf7
40. Nd6 Rf8 41. Rc7+ Kh6 42. Rxa7 Rb8 43. Rb7 Ra8 44. Nf7+ Kg7 45. Ne5+ Kh6 46.
Nxg6 Kxg6 47. b4 1-0

[Event "XI Torneo Leonardo di Bona Nazionale"]
[Site "Cutro ITA"]
[Date "2005.04.25"]
[Round "2"]
[White "Macri', Pasquale"]
[Black "Mercurio, Rosario"]
[Result "1-0"]
[WhiteElo "1368"]
[BlackElo "1363"]
[PlyCount "93"]
[EventDate "2005.04.24"]

1. e4 e6 2. d4 d5 3. e5 c5 4. c4 Nc6 5. Nf3 Qb6 6. Qb3 Qxb3 7. axb3 cxd4 8.
cxd5 exd5 9. Bb5 Nge7 10. Nxd4 Bd7 11. Nxc6 Nxc6 12. Bxc6 Bxc6 13. Be3 b6 14.
Nc3 Be7 15. Rd1 Rd8 16. O-O O-O 17. Rfe1 Rfe8 18. Bd4 Bb4 19. Ra1 Re7 20. Rec1
Ra8 21. Na2 Bc5 22. Bxc5 bxc5 23. Rxc5 Re6 24. Nb4 Bb7 25. Rc7 Rb6 26. Nd3 Ra6
27. Rxa6 Bxa6 28. Nb4 Bc8 29. Nxd5 Kf8 30. b4 Be6 31. Nf4 Bb3 32. Nd3 Rd8 33.
Ne1 Ra8 34. f4 Be6 35. h3 h5 36. Nf3 g6 37. Ng5 Bb3 38. Nh7+ Kg7 39. Nf6 Kf8
40. g4 h4 41. Nh7+ Kg8 42. Ng5 Kf8 43. f5 gxf5 44. gxf5 Re8 45. e6 Re7 46. Nh7+
Ke8 47. Rc8# 1-0

[Event "XI Torneo Leonardo di Bona Nazionale"]
[Site "Cutro ITA"]
[Date "2005.04.25"]
[Round "2"]
[White "Rizzuti, Pasquale"]
[Black "De Giglio, Michele"]
[Result "1-0"]
[WhiteElo "1871"]
[BlackElo "1745"]
[PlyCount "135"]
[EventDate "2005.04.24"]

1. Nf3 Nf6 2. g3 d5 3. Bg2 g6 4. b3 Bg7 5. Bb2 O-O 6. O-O c5 7. d3 Nc6 8. Nbd2
Qc7 9. e4 d4 10. Rc1 Ng4 11. h3 Nge5 12. Kh2 a5 13. a4 Nb4 14. Nxe5 Bxe5 15. f4
Bg7 16. Nf3 Rd8 17. Rf2 b6 18. Ra1 e5 19. fxe5 Nc6 20. Bc1 Nxe5 21. Nxe5 Bxe5
22. Qf3 Be6 23. Bh6 Qd7 24. Raf1 Ra7 25. Bg5 Rb8 26. Bf4 Qd6 27. Bxe5 Qxe5 28.
Qf4 Qxf4 29. gxf4 f5 30. e5 Rc7 31. Bf3 Rd8 32. h4 h5 33. Rg1 Kh7 34. Rfg2 Rg8
35. Rg5 Rgg7 36. Kg3 Kh6 37. Kf2 Kh7 38. Ke2 Kh6 39. Kd2 Kh7 40. Kc1 Kh6 41.
Kb2 Kh7 42. R5g2 Kh6 43. Rc1 Rgd7 44. Rd2 Rd8 45. Rg1 Rdd7 46. Rdg2 Rg7 47. Rg3
Kh7 48. Be2 Bd5 49. Bf3 Bxf3 50. Rxf3 Rc6 51. Re1 Re6 52. Re2 Rc7 53. Rf1 Kg7
54. Rc1 Kf7 55. c3 Rec6 56. cxd4 cxd4 57. Rec2 Rxc2+ 58. Rxc2 Rxc2+ 59. Kxc2
Ke6 60. Kc1 g5 61. fxg5 Kxe5 62. Kd2 Kd5 63. Ke2 Kd6 64. Kf2 Ke5 65. Kf3 f4 66.
g6 Kf6 67. Kxf4 Kxg6 68. Ke5 1-0